000 00948nam0a22002891 4500
001 rc\3523819
005 20250610014104.0
021 _aRU
_bРг9959-73
035 _a(NLR Aleph) 007624460
090 _a5955753
_c5955753
100 _a20130115d1973 |||y0rusy50 ca
101 0 _arus
_amol
102 _aRU
105 _ay z |||||
200 1 _aВ помощь атеистической пропаганде
_e(Метод. рекомендации для б-к)
210 _aКишинэу
_cБ. и.
_d1973
215 _a43 с.
_d20
300 _aНа обороте тит. л. сост.: К.В. Лаврик, Л.М. Республиканская
300 _aТекст на рус. и молд. яз.
702 1 _aЛаврик
_bК.В.
_4220
702 1 _aРеспубликанская
_bЛ.М.
_4220
801 0 _aRU
_bNLR
_gpsbo
801 1 _aRU
_bELAR
_2rusmarc
852 _aNLR
_bОНЛ
942 _cBOOK
980 _aNB